| 000 | 01123nam a2200313 a 4500 | ||
|---|---|---|---|
| 001 | vtls000195518 | ||
| 003 | NLI | ||
| 005 | 20210602113026.0 | ||
| 008 | 101125s1971 enka 001 0 eng | ||
| 020 |
_a052108055X : _cPND 3.80 |
||
| 039 | 9 |
_y201011252319 _zVLOAD |
|
| 040 | 0 |
_aNLI _beng _cDatasoft 1 _eAACR2 |
|
| 041 | 0 | _aeng | |
| 044 | _aenk | ||
| 082 | 0 | 4 | _a332.770942 |
| 100 | 1 |
_aNishimura, Shizuya, _d1929- _9374396 |
|
| 245 | 1 | 4 |
_aThe decline of inland bills of exchange in the London money market, 1855-1913 / _cShizuya Nishimura |
| 260 |
_aLondon : _bCambridge University Press, _c1971 |
||
| 300 |
_aviii, 134 p. : _bill. ; _c24 cm. |
||
| 504 | _aIncludes bibliographical references and index | ||
| 650 | 0 |
_aBills of exchange _zGreat Britain _xHistory _9374397 |
|
| 650 | 0 |
_aBanks and banking _zGreat Britain _xHistory _9369284 |
|
| 887 | _a | ||
| 901 |
_a404155 _b15.02.1972 |
||
| 902 | _aE 332.770942 N 633 | ||
| 942 |
_2ddc _cBKS |
||
| 949 |
_AVIRTUAITEM _D10000 _X100 _6PUR000404155ENG |
||
| 999 |
_aVIRTUA40 _c200025 _d200025 |
||
| 999 | _aVTLSSORT0080*0200*0400*0410*0440*0820*1000*2450*2600*3000*5040*6500*6501*9010*9020*9490*9991 | ||